Über einige Fragen der materiallen Kultur von Nuristan

Elmentve itt :
Bibliográfiai részletek
Szerző: Lentz Wolfgang
Dokumentumtípus: Cikk
Megjelent: 1937
Sorozat:Zeitschrift für Ethnologie
Kulcsszavak:Néprajz - afgán, Nuristan
Tárgyszavak:
Online Access:http://misc.bibl.u-szeged.hu/65679
LEADER 00772nab a2200229 i 4500
001 misc65679
005 20240923150509.0
008 230713s1937 hu o 000 ger d
040 |a SZTE Miscellanea Repozitórium  |b hun 
041 |a ger 
100 1 |a Lentz Wolfgang 
245 1 0 |a Über einige Fragen der materiallen Kultur von Nuristan  |h [elektronikus dokumentum] /  |c  Lentz Wolfgang 
260 |c 1937 
300 |a 277-306  |c 25 cm 
300 |a [30] p.  |c 25 cm 
490 0 |a Zeitschrift für Ethnologie 
561 |a Németh Gyula hagyaték 
591 |a NOP 3135 
650 4 |a Bölcsészettudományok 
650 4 |a Történettudomány és régészet 
695 |a Néprajz - afgán, Nuristan 
856 4 0 |u http://misc.bibl.u-szeged.hu/65679/1/3135_nop_l54.pdf  |z Dokumentum-elérés